| 000 | 00620nam a22002537a 4500 | ||
|---|---|---|---|
| 005 | 20251124164914.0 | ||
| 008 | 150408b1997 xxu||||| |||| 00| 0 spa d | ||
| 020 | _a9968784001 | ||
| 041 | _aESP | ||
| 082 | _a363.256.5 G736gl | ||
| 245 | _aGrafoscopía y Lofoscopía | ||
| 260 | _aCosta Rica | ||
| 260 | _bJurídica Continental | ||
| 260 | _a1997 | ||
| 260 | _c85 páginas | ||
| 490 | _aInvestigación Criminal | ||
| 650 | _aCOSTA RICA | ||
| 650 | _aGRAFOSCOPIA | ||
| 650 | _aDOCUMENTOSCOPIA | ||
| 650 | _aJURISPRUDENCIA PENAL | ||
| 650 | _aINDENTIFICACIÓN | ||
| 650 | _aLOFOSCOPIA | ||
| 942 |
_cBK _2ddc |
||
| 999 |
_c4385 _d4385 |
||